Tuy en la baja edad media: siglos XII - XV
Shranjeno v:
| Glavni avtor: | |
|---|---|
| Format: | Knjiga |
| Jezik: | španščina |
| Izdano: |
Zaragoza, España
Instituto Enrique Florez
1923
|
| Teme: | |
| Oznake: |
Označite
Brez oznak, prvi označite!
|
MARC
| LEADER | 00000nam a2200000 a 4500 | ||
|---|---|---|---|
| 001 | UCO0977 | ||
| 003 | CL-VaPUC | ||
| 005 | 20231102152106.0 | ||
| 008 | 000428e19230000SP |||||||||||||||||spa|d | ||
| 999 | |c 287612 |d 287610 | ||
| 040 | |c Pontificia Universidad Católica de Valparaíso | ||
| 082 | 0 | 4 | |a 946.02 GAL 1923 |2 21 |
| 100 | 0 | |a Galindo Romeo, Pascual |e author |9 442672 | |
| 245 | 1 | 0 | |a Tuy en la baja edad media: |b siglos XII - XV |
| 260 | |a Zaragoza, España |b Instituto Enrique Florez |c 1923 | ||
| 300 | |a 203 páginas | ||
| 583 | |a last modification |c 20000428 00:00:00 |k Rodrigo Vera | ||
| 650 | 0 | |a Historia de España |y SIGLOS 12-15 |9 315435 | |
| 650 | 0 | |a Baja Edad Media |z ESPAÑA |9 400434 | |
| 852 | |a BIBCUR | ||
| 942 | |c BK |2 ddc | ||
| 945 | |d 20000428 00:00:00 |a rherrera | ||
| 952 | |0 0 |1 0 |2 ddc |4 0 |6 946_020000000000000_GAL_1923 |7 0 |8 X |9 334544 |a BIBHIS |b BIBHIS |d 2019-11-20 |i 1268848 |o 946.02 GAL 1923 |p 1268848 |r 2024-01-30 |t 1 |w 2019-11-20 |y BK_X |k HIS | ||